00234nam a2200097Ia 4500008004100000100000900041245002900050260003300079942000700112999001700119190216s9999||||xx |||||||||||||| ||und|| aNull 0aHindi-Shivakami Ki Saban bPoomkavanam Books Publishers cBK c18367d18367